Organs in the Human Body (Without Images) - Statistics

General Stats
  • This quiz has been taken 429 times
  • The average score is 33 of 100
Answer Stats
System Answer % Correct
Lungs
89%
Circulatory Heart
88%
- Stomach
84%
- Brain
83%
- Small Intestine
82%
Bladder
80%
- Large Intestine
79%
- Liver
78%
Penis
78%
Urinary Kidneys
77%
Vagina
73%
Tongue
71%
Sensory Organs (e.g. sight) Eye
70%
- Gallbladder
68%
Reproductive (F) Ovaries
67%
Integumentary Skin
67%
Musculoskeletal Skeleton
64%
Teeth
64%
Reproductive (M) Testicles
64%
Digestive - Mouth
63%
- Pancreas
63%
Veins
63%
Arteries
59%
Ear Ear
59%
Urethra
58%
Muscles
57%
- Esophagus
55%
Spleen
55%
Uterus
54%
- Anal Canal
50%
Trachea
45%
Fallopian Tubes
42%
Iris
40%
Nerves
40%
Vulva
40%
Nervous Spine
39%
- Rectum
37%
Larynx
35%
Capillaries
34%
Scrotum
34%
Bronchi
33%
Tendons
33%
Thyroid Gland
32%
Cervix
31%
Eardrum
31%
Retina
31%
Cornea
30%
Lymph Node
30%
Duodenum
29%
Ligaments
29%
Lips
29%
Prostate
28%
Ureter
28%
Respiratory Nasal Cavity
24%
Endocrine Pituitary Gland
24%
Cerebellum
23%
- Pharynx
23%
Joints
20%
Adrenal Glands
19%
- Salivary Glands
19%
Tonsils
19%
Hypothalamus
18%
Lens
18%
Semicircular Canal
18%
Bronchioles
17%
Ileum
17%
Jejunum
16%
Bone Marrow
15%
Medulla Oblongata
15%
Cochlea
13%
Descending Colon
12%
Transverse Colon
12%
Ascending Colon
11%
Sigmoid Colon
11%
Cecum
10%
Pineal Gland
10%
Thymus
10%
Cerebral Hemispheres
8%
Placenta
8%
Seminal Vesicles
8%
Thalamus
8%
Mammary Gland
7%
Parathyroid Glands
7%
Pons
7%
Lymphatic Lymphatic Vessel
6%
- Olfactory Epithelium
6%
Parotid Glands
5%
Bulbourethral Glands
4%
Midbrain
4%
Sublingual Glands
4%
Vase Deferentia
4%
Interstitium
3%
- Mesentery
3%
Submandibular Glands
3%
Breathing Muscles
2%
Choroid Plexus
2%
Ciliary Body
2%
Epididymides
2%
Subcutaneous Tissue
1%
Vestibule
1%
No matching quizzes found
Score Distribution
Percent of People with Each Score
Percentile by Number Answered
Your Score History
You have not taken this quiz